Statystyki dla Państwa biorące udział w Wojnach Napoleońskich

Kliknij tutaj aby rozwiązać quiz!

Ogólne statystyki

  • Ten quiz został rozwiązany 725 razy
    (712 od ostatniego zresetowania)
  • Średni wynik to 13 z 24

Statystyki odpowiedzi

Państwo% Poprawnych
1.Francja
96%
14.Rosja
96%
7.Hiszpania
92%
3.Wielka Brytania
92%
4.Austria
91%
8.Portugalia
86%
2.Prusy
85%
20.Szwecja
84%
21.Włochy
82%
12.Dania
76%
9.Holandia
76%
24.Belgia
65%
10.Imperium Osmańskie
56%
13.Księstwo Warszawskie
53%
17.Bawaria
50%
15.Neapol
25%
22.Związek Reński
24%
19.Wirtembergia
11%
18.Republika Batawska
6%
5.Królestwo Sardynii
4%
11.Republika Zjednoczonych Prowincji
4%
6.Królestwo Sycylii
3%
23.Konfederacja Szwajcarska
2%
16.Etruria
1%

Rozkład punktacji

Percentyl według liczby udzielonych odpowiedzi

Procent ludzi z każdym wynikiem

Twoja historia wyników

Nie rozwiązałeś tego quizu od ostatniego zresetowania